Music Quiz

Random Music or Artist Quiz

Song Word Clouds Quiz Stats

Quiz Updated Oct 14, 2016

Challenge
Share
Tweet
Score 0/20 Timer 08:00
1 Play Today
% Correct
Another Brick In The Wall (Part 2) - Pink Floyd
69.3%
Baba O'Riley - The Who
53.8%
Big Yellow Taxi - Joni Mitchell
47.9%
Airplanes - B.O.B. feat. Hayley Williams
41.8%
Space Oddity - David Bowie
40.2%
ABC - Jackson 5
32.9%
Basket Case - Green Day
28%
House Of The Rising Sun - The Animals
24.3%
Tubthumping - Chumbawamba
21.7%
This Kiss - Faith Hill
20.2%
% Correct
Surrender - Cheap Trick
18.7%
Being For The Benefit Of Mr. Kite - The Beatles
16.4%
Poker Face - Lady Gaga
14.4%
No Scrubs - TLC
12.6%
The Logical Song - Supertramp
11.5%
Bitter Sweet Symphony - The Verve
7.3%
Higher Ground - Stevie Wonder
7.1%
Tom Sawyer - Rush
4.9%
Just What I Needed - The Cars
4.1%
The Message - Grandmaster Flash & The Furious 5
4%

You're not logged in!

Compare scores with friends on all Sporcle quizzes.
Sign Up with Email
OR
Log In

You Might Also Like...

Show Comments

Extras

Top Quizzes Today


Score Distribution

Your Account Isn't Verified!

In order to create a playlist on Sporcle, you need to verify the email address you used during registration. Go to your Sporcle Settings to finish the process.